ARRUPE JESUIT UNIVERSITY

CORONAVIRUS -STOP THE SPREAD - CLEAN,DISINFECT,COVER

Jesuit, social pioneer and AIDS activist in Zimbabwe : (Record no. 121760)

MARC details
000 -LEADER
fixed length control field 00994cam a22002775i 4500
001 - CONTROL NUMBER
control field 17799553
003 - CONTROL NUMBER IDENTIFIER
control field ARRUPE
005 - DATE AND TIME OF LATEST TRANSACTION
control field 20150121171943.0
008 - FIXED-LENGTH DATA ELEMENTS--GENERAL INFORMATION
fixed length control field 130702s2012 sa b 001 0 eng
010 ## - LIBRARY OF CONGRESS CONTROL NUMBER
LC control number 2012526222
020 ## - INTERNATIONAL STANDARD BOOK NUMBER
International Standard Book Number 9781875053919
020 ## - INTERNATIONAL STANDARD BOOK NUMBER
International Standard Book Number 1875053913
040 ## - CATALOGING SOURCE
Original cataloging agency DLC
Language of cataloging eng
Transcribing agency DLC
Description conventions rda
042 ## - AUTHENTICATION CODE
Authentication code pcc
050 ## - LIBRARY OF CONGRESS CALL NUMBER
Classification number BX 3756.R66.A3
300 ## - PHYSICAL DESCRIPTION
Dimensions 24 cm.
100 1# - MAIN ENTRY--PERSONAL NAME
Personal name Rogers, Ted
9 (RLIN) 14209
245 10 - TITLE STATEMENT
Title Jesuit, social pioneer and AIDS activist in Zimbabwe :
Remainder of title a memoir /
Statement of responsibility, etc Ted Rogers and Edward W. Rogers
246 3# - VARYING FORM OF TITLE
Title proper/short title Ted Rogers jesuit, social pioneer and AIDS activist in Zimbabwe
260 ## - PUBLICATION, DISTRIBUTION, ETC. (IMPRINT)
Place of publication, distribution, etc Dorpspruit :
Name of publisher, distributor, etc Cluster Publications,
Date of publication, distribution, etc [2012]
300 ## - PHYSICAL DESCRIPTION
Extent xii, 324 pages ;
490 0# - SERIES STATEMENT
Series statement "Christian Lives in Africa" Series - volume 1
504 ## - BIBLIOGRAPHY, ETC. NOTE
Bibliography, etc Includes bibliographical references and index.
906 ## - LOCAL DATA ELEMENT F, LDF (RLIN)
a 0
b ibc
c origres
d 3
e ncip
f 20
g y-gencatlg
942 ## - ADDED ENTRY ELEMENTS (KOHA)
Source of classification or shelving scheme Library of Congress Classification
Koha item type Monograph ( Printed materials)
Holdings
Withdrawn status Lost status Source of classification or shelving scheme Damaged status Not for loan Collection code Home library Current library Shelving location Date acquired Total Checkouts Full call number Barcode Date last seen Price effective from Koha item type
    Library of Congress Classification     Main Collection ARRUPE LIBRARY ARRUPE LIBRARY Main Collection 19/01/2015   BX3756.R66 A3 46409939 14/12/2021 19/01/2015 Monograph ( Printed materials)

 

Arrupe Library. PO Box MP320 Mt Pleasant, Harare, Zimbabwe
263 242 745411|librarian@aju.ac.zw